| 000 | 00811nam a2200253 u 4500 | ||
|---|---|---|---|
| 001 | 67224 | ||
| 005 | 20260206150934.0 | ||
| 008 | 170421s2006 xxu r 000 0 eng d | ||
| 020 | _a9780465028023 | ||
| 040 | _erda | ||
| 041 | 0 | _aeng | |
| 082 | 0 |
_a170 _bHAI |
|
| 100 | 1 |
_aHaidt, Jonathan, _d1963- _eautor _94221 |
|
| 245 | 1 | 4 |
_aThe happiness hypothesis : _bfinding modern truth in ancient wisdom / _cJonathan Haidt. |
| 250 | _a[First edition] | ||
| 264 | 1 |
_aUnited States of America: _bBasic Books, _c2006 |
|
| 300 |
_axiii, 297 páginas ; _c23 cm. |
||
| 336 |
_atexto _2rdacontent _btxt |
||
| 337 |
_asin medio _2rdamedia _bn |
||
| 338 |
_avolumen _2rdacarrier _bnc |
||
| 500 | _aEncontrar la verdad moderna en la sabiduría antigua | ||
| 650 | 4 | _aFelicidad | |
| 999 |
_c67224 _d67224 |
||
| 942 |
_h170 _iHAI _cLI |
||